000 00564cam a22002171 4500
001 421441
003 ARRUPE
005 20140611120548.0
008 860206s1951 enk 000 0 eng d
035 _a(OCoLC)505762272
035 _a(OCoLC)ocn505762272
035 _a(CStRLIN)NYCG86-B11759
035 _a(NNC)421441
040 _aNNC
_cNNC
100 1 _aGreene, Graham,
_910812
245 1 4 _aThe ministry of fear,
_ban entertainment.
260 _aLondon,
_bPenguin Books
_c[1963]
300 _a268 p.
_c17 cm.
942 _2lcc
_cMONOGRAPH
999 _c120698
_d120698